Arizona County by Cities - Statistics

General Stats
  • This quiz has been taken 30 times
  • The average score is 12 of 15
Answer Stats
Cities County % Correct
Phoenix, Scottsdale, Surprise Maricopa
96%
Tuscon, Oro Valley, Sahuarita Pima
92%
St Johns, Windowroock, Eagar Apache
85%
Flagstaff, Page, Williams Coconino
85%
Holbrook, Show Low, Winslow Navajo
85%
Florence, Casa Grande, Coolidge Pinal
85%
Clifton, Duncan, Blue Greenlee
81%
Nogales, Patagonia, Rio Rico Santa Cruz
81%
Sierra Vista, Bisbee, Tombstone Cochise
77%
Kingman, Lake Havasu City, Bullhead City Mohave
77%
Parker, Quartzsite, Bluewater La Paz
73%
Prescott, Sedona, Peoria Yavapai
73%
San Luis, Somerton, Gadsden Yuma
73%
Globe, Payson, Star Valley Gila
69%
Safford, Pima, Thatcher Graham
69%
No matching quizzes found
Score Distribution
Percent of People with Each Score
Percentile by Number Answered
Your Score History
You have not taken this quiz